000 01305nam a2200253Ia 4500
003 Ost
005 20260507075219.0
008 260507s9999||||xx |||||||||||||| ||und||
020 _a1250189957
040 _cfsecg
041 _aara
082 _a330
100 _aالفتلاوي، كامل علاوي
_eمؤلف
245 0 _aالاقتصاد الجزئي :
_bالنظريات و السياسات /
_c كامل علاوي الفتلاوي
260 _aعمان:
_bدار المناهج,
_c2009
300 _a298 صفحة؛
_bإيضاحات ؛
_c24 سم
504 _aمراجع ص.297
520 _aنظرية سلوك المستهلك ، توازن المستهلك ، نظرية العرض ،نظرية التوازن ، نظرية الانتاج ، نظرية التكاليف ، الايرادات و الارباح ، توازن المنشأة في المنافسة الكاملة ، توازن المنشأة في سوق الاحتكارو في المنافسة الاحتكارية و في سوق إحتكار القلة ، ، التوازن العام و اقتصاد الرفاهية .
653 _aالإقتصاد
653 _aالإقتصاد الجزئي
653 _aالإنتاج
700 _aالزبيدي، حسن لطيف
_eمؤلف ثانوي
942 _cكتاب
999 _c43512
_d43512